| 000 | 00881nam a2200265 a 4500 | ||
|---|---|---|---|
| 001 | 55288 | ||
| 003 | BD-RjUL | ||
| 005 | 20211209080237.0 | ||
| 008 | 161115s1993 enkab 000 0 eng d | ||
| 020 | _a0521408709 | ||
| 035 | _a(BD-RjUL)55410 | ||
| 040 |
_aBD-RjUL _beng _cBD-RjUL |
||
| 041 | _aeng | ||
| 082 |
_223 _a338.941 _bTOU 1993 |
||
| 100 | 1 |
_aTownsend, Alan R., _d1939- _9164720 |
|
| 245 | 1 | 0 |
_aUneven regional change in Britain / _cA.R. Townsend |
| 260 |
_aLondon : _bCambridge University Press, _c1993 |
||
| 300 |
_a96 p. : _bill. ; _c26 cm |
||
| 490 | _aCambridge topics in geography. | ||
| 504 | _aIncludes Bibliographical References and Index | ||
| 650 | 0 |
_aRegional planning _zGreat Britain _9164721 |
|
| 651 | 0 |
_aGreat Britain _xEconomic conditions _y1945-1993 _xRegional disparities _9164722 |
|
| 830 | 0 |
_aCambridge topics in geography _9164724 |
|
| 942 |
_2ddc _cBK |
||
| 999 |
_c55288 _d55288 |
||